Roger Bodart

Uloženo v:
Podrobná bibliografie
Hlavní autor: Guimbretière, André (Autor)
Médium: Kniha
Jazyk:francouzština
Vydáno: París Pierre Seghers 1966
Edice:Poetes d'aujourd'hui, 157
Témata:
Tagy: Přidat tag
Žádné tagy, Buďte první, kdo vytvoří štítek k tomuto záznamu!

MARC

LEADER 00000nam a2200000 a 4500
001 UCY4476
003 CL-VaPUC
008 950314e19660000FR |||||||||||||||||fre|d
082 0 4 |a 841.04  |b GUI  |2 21 
100 0 |a Guimbretière, André  |e author  |9 332944 
245 1 0 |a Roger Bodart 
300 |a 190 p 
942 |c BK 
945 |d 19950314 00:00:00  |a mfernand 
260 |a París  |b Pierre Seghers  |c 1966 
600 0 7 |a BODART, ROGER  |2 CL-VaPUC  |9 332945 
650 0 |a Crítica e interpretación   |9 255042 
583 |a last modification  |c 19950314 00:00:00  |k Rodrigo Vera 
490 0 |a Poetes d'aujourd'hui, 157 
999 |c 232325  |d 232323 
952 |0 0  |1 0  |4 0  |6 841_040000000000000_GUI_1966  |7 0  |8 P  |9 236484  |a BIBART  |b BIBART  |d 2019-11-15  |i 3064417  |o 841.04 GUI 1966  |p 3064417  |r 2025-03-13  |w 2019-11-15  |y BK  |k ART